00916nam a2200205 u 45000010006000000050017000060080041000230200018000640350010000820350021000920410008001130820008001211000083001292450031002122500017002432600059002603000035003195050318003546500038006726531120260428111546.0960313s1990 spa  a9789586351256 a65311 a(OCoLC)778188449 aspa 4a34710aLeal Pérez, Hildebrando4aut0(isni)0000 0000 7996 24640(viaf)53255908eaut10aDerecho comercial aplicado a2. Edición aBogotá :bEdiciones Libreria del Profesional,c1990. a2 volúmenes :bilustraciones aCONTENIDO : V.1 : 1. Estructura de los procesos mercantiles. -- 2. Actuación judicial en material comercial. -- 3. Formas de contratos-pólizas de seguros V.2 : 4. Modalidades de contratos comerciales. -- 5. Constitución de sociedades mercantiles. - 6. Modelos de contratos bancarios. -- 7. Formas y modelos. 7aDerecho comercialzColombia2lemb